The samurai films of Akira Kurosawa /

Bibliographic Details
Main Author: Desser, David
Format: Book
Language:English
Published: Ann Arbor, Mich. : UMI Research Press, [1983]
Series:Studies in cinema ; no. 23.
Subjects:

MARC

Tag First Indicator Second Indicator Subfields
LEADER 00000pam a2200000 a 4500
001 in00000761069
005 20151017051423.0
008 830808s1983 miua b 00110 eng
010 |a  83015563  
020 |a 0835714950 
035 |a (OCoLC)09828491 
035 |9 ADK6172AM 
039 0 |a 2  |b 3  |c 3  |d 3  |e 3 
040 |a DLC  |c DLC  |d TXA  |d UtOrBLW 
049 |a TXAM  |c [955323] 
050 0 0 |a PN1995.9.S24  |b D47 1983 
082 0 |a 791.43/0233/0924  |2 19 
100 1 |a Desser, David. 
245 1 4 |a The samurai films of Akira Kurosawa /  |c by David Desser. 
264 1 |a Ann Arbor, Mich. :  |b UMI Research Press,  |c [1983] 
264 4 |c ©1983 
300 |a vi, 164 pages :  |b illustrations ;  |c 24 cm. 
336 |a text  |b txt  |2 rdacontent 
337 |a unmediated  |b n  |2 rdamedia 
338 |a volume  |b nc  |2 rdacarrier 
490 1 |a Studies in cinema ;  |v no. 23 
500 |a Includes indexes. 
504 |a Bibliography: pages [155]-157. 
600 1 0 |a Kurosawa, Akira,  |d 1910-1998. 
650 0 |a Samurai films  |x History and criticism. 
830 0 |a Studies in cinema ;  |v no. 23. 
999 |a MARS 
999 f f |s 85403438-377a-3775-8e6a-8fc6c4c2df16  |i 517569e3-3f8d-324e-8261-1fd77a3e24dd  |t 0 
952 f f |p normal  |a Texas A&M University  |b College Station  |c Sterling C. Evans Library  |d Evans: Library Stacks  |t 0  |e PN1995.9.S24 D47 1983  |h Library of Congress classification  |i unmediated -- volume  |m A14807420779 
998 f f |a PN1995.9.S24 D47 1983  |t 0  |l Evans: Library Stacks